Usoolul Mulhama. (Record no. 793)

MARC details
000 -LEADER
fixed length control field 00581nam a2200241 a 4500
020 ## - INTERNATIONAL STANDARD BOOK NUMBER
ISBN
082 00 - DEWEY DECIMAL CLASSIFICATION NUMBER
Classification number 500.80297
Author Cutter NAJ
100 ## - MAIN ENTRY--AUTHOR NAME
Author name Najeebuddin, Isphahani
245 ## - TITLE STATEMENT
Title Usoolul Mulhama.
260 ## - PUBLICATION, DISTRIBUTION, ETC. (IMPRINT)
Place of publication Nagpur
Name of publisher
Year of publication 1350
300 ## - PHYSICAL DESCRIPTION
Number of Pages 132p
500 ## - GENERAL NOTE
General note includes index and biblioraphy
505 2# - FORMATTED CONTENTS NOTE
Formatted contents note Four Parts Boun Together
650 ## - SUBJECT ADDED ENTRY--TOPICAL TERM
Topical Term Islam and Science
942 ## - ADDED ENTRY ELEMENTS (KOHA)
Koha item type Books
700 1# -
-- Najeebuddin, Isphahani
Holdings
Collection code Home library Current library Date acquired Cost, normal purchase price Full call number Accession Number Koha item type
  Henry Martyn Institute Library Henry Martyn Institute Library 06/11/2007 100.00 500.80297 NAJ 04583 Books
                   Copyright © 2026 | Henry Martyn Institute | Hyderabad | TS-500052 | INDIA | Implemented by hmi.edu.in
Hit-Count:

Powered by Koha